Организация производства на предприятии: электронный курс
| 第一著者: | |
|---|---|
| 団体著者: | |
| 要約: | Заглавие с экрана В курсе "Организация производства на предприятии" раскрываются основные теоретические понятия организации и планирования производства в условиях постоянно меняющейся внешней среды, жесткой конкурентной борьбы, нестабильной экономической ситуации, приводятся расчеты ОНПЛ. Особое внимание уделяется расчетам, связанным с организацией и планированием производства на ОНПЛ, формированию практических навыков по использованию теоретических навыком расчета и разработки линии производства на однопредметной непрерывно-поточной линии промышленного конвейера. Знания, полученные в курсе (по модулю), помогут: сформировать представление об истории становления организации производства; освоить методы формализации и алгоритмизации расчетов организации производственной деятельности; сформировать представление о современных методов организации производства; разрабатывать организацию производственной линии по производству детали; уметь использовать полученные знания для планирования производственной деятельности предприятия. Доступ по логину и паролю |
| 言語: | ロシア語 |
| 出版事項: |
Томск, TPU Moodle, 2016
|
| 主題: | |
| オンライン・アクセス: | https://design.lms.tpu.ru/course/view.php?id=1325 |
| フォーマット: | MixedMaterials 電子媒体 図書 |
| KOHA link: | https://koha.lib.tpu.ru/cgi-bin/koha/opac-detail.pl?biblionumber=651946 |
MARC
| LEADER | 00000nlm0a2200000 4500 | ||
|---|---|---|---|
| 001 | 651946 | ||
| 005 | 20231102025831.0 | ||
| 035 | |a (RuTPU)RU\TPU\network\17209 | ||
| 035 | |a RU\TPU\network\17208 | ||
| 090 | |a 651946 | ||
| 100 | |a 20161128d2016 m y0rusy50 ca | ||
| 101 | 0 | |a rus | |
| 102 | |a RU | ||
| 105 | |a a j 000zy | ||
| 135 | |a jrcn ---uucaa | ||
| 181 | 0 | |a i | |
| 182 | 0 | |a b | |
| 200 | 1 | |a Организация производства на предприятии |e электронный курс |f А. В. Сушко |g Национальный исследовательский Томский политехнический университет (ТПУ), Юргинский технологический институт (филиал) (ЮТИ), Кафедра экономики и автоматизированных систем управления (ЭАСУ) | |
| 203 | |a Текст |c электронный | ||
| 210 | |a Томск |c TPU Moodle |d 2016 | ||
| 230 | |a Электрон. дан. | ||
| 300 | |a Заглавие с экрана | ||
| 330 | |a В курсе "Организация производства на предприятии" раскрываются основные теоретические понятия организации и планирования производства в условиях постоянно меняющейся внешней среды, жесткой конкурентной борьбы, нестабильной экономической ситуации, приводятся расчеты ОНПЛ. Особое внимание уделяется расчетам, связанным с организацией и планированием производства на ОНПЛ, формированию практических навыков по использованию теоретических навыком расчета и разработки линии производства на однопредметной непрерывно-поточной линии промышленного конвейера. Знания, полученные в курсе (по модулю), помогут: сформировать представление об истории становления организации производства; освоить методы формализации и алгоритмизации расчетов организации производственной деятельности; сформировать представление о современных методов организации производства; разрабатывать организацию производственной линии по производству детали; уметь использовать полученные знания для планирования производственной деятельности предприятия. | ||
| 333 | |a Доступ по логину и паролю | ||
| 606 | 1 | |a Теория организации |2 stltpush |3 (RuTPU)RU\TPU\subj\67710 |9 83402 | |
| 610 | 1 | |a электронный ресурс | |
| 610 | 1 | |a труды учёных ТПУ | |
| 610 | 1 | |a электронное обучение | |
| 610 | 1 | |a электронные курсы ТПУ | |
| 610 | 1 | |a рынок | |
| 610 | 1 | |a организация производства | |
| 610 | 1 | |a планирование | |
| 610 | 1 | |a конвейеры | |
| 610 | 1 | |a цеха | |
| 610 | 1 | |a персонал | |
| 610 | 1 | |a учебные пособия | |
| 610 | 1 | |a электронные учебные пособия | |
| 686 | |a У9(2)29я73 |2 rubbk | ||
| 700 | 1 | |a Сушко |b А. В. |c экономист |c ассистент кафедры Юргинского технологического института Томского политехнического университета |f 1982- |g Анастасия Викторовна |2 stltpush |3 (RuTPU)RU\TPU\pers\32579 |9 16500 | |
| 712 | 0 | 2 | |a Национальный исследовательский Томский политехнический университет (ТПУ) |b Юргинский технологический институт (филиал) (ЮТИ) |b Кафедра экономики и автоматизированных систем управления (ЭАСУ) |h 360 |2 stltpush |3 (RuTPU)RU\TPU\col\18900 |
| 801 | 2 | |a RU |b 63413507 |c 20211029 |g RCR | |
| 856 | 4 | |u https://design.lms.tpu.ru/course/view.php?id=1325 | |
| 900 | |a Экономика | ||
| 942 | |c CF | ||
| 954 | |b 38.03.01 | ||